Mô phỏng hiện tượng tinh thể hóa hệ 2 chiều lỏng làm lạnh nhanh và vô định hình đơn giản với thế tương tác tạo lưới ô vuông : Luận văn Thạc sĩ Vật lý. Chuyên ngành Vật lý lý thuyết và Vật lý toán
Trình bày tổng quan về vật liệu 2 chiều, phương pháp động lực học phân tử, thế tương tác và các kỹ thuật tính toán dùng trong mô phỏng.
Guardat en:
| Autor principal: | |
|---|---|
| Format: | Llibre |
| Idioma: | Undetermined |
| Publicat: |
Cần Thơ
Trường Đại học Cần Thơ
2017
|
| Matèries: | |
| Etiquetes: |
Afegir etiqueta
Sense etiquetes, Sigues el primer a etiquetar aquest registre!
|
| Thư viện lưu trữ: | Trung tâm Học liệu Trường Đại học Cần Thơ |
|---|
| LEADER | 01140nam a2200205Ia 4500 | ||
|---|---|---|---|
| 001 | CTU_224773 | ||
| 008 | 210402s9999 xx 000 0 und d | ||
| 082 | |a 621.38152 | ||
| 082 | |b D513 | ||
| 100 | |a Nguyễn, Quốc Dũng | ||
| 245 | 0 | |a Mô phỏng hiện tượng tinh thể hóa hệ 2 chiều lỏng làm lạnh nhanh và vô định hình đơn giản với thế tương tác tạo lưới ô vuông : | |
| 245 | 0 | |b Luận văn Thạc sĩ Vật lý. Chuyên ngành Vật lý lý thuyết và Vật lý toán | |
| 245 | 0 | |c Nguyễn Quốc Dũng ; Võ Văn Hoàng (Người hướng dẫn) | |
| 260 | |a Cần Thơ | ||
| 260 | |b Trường Đại học Cần Thơ | ||
| 260 | |c 2017 | ||
| 520 | |a Trình bày tổng quan về vật liệu 2 chiều, phương pháp động lực học phân tử, thế tương tác và các kỹ thuật tính toán dùng trong mô phỏng. | ||
| 650 | |a Màng (Công nghệ),Membranes (Technology) | ||
| 910 | |b nthai | ||
| 980 | |a Trung tâm Học liệu Trường Đại học Cần Thơ | ||